000 01122nam0a22003131 4500
001 RU\NLR\BIBL_A\022407844
005 20260410135901.0
035 _a(NLR Aleph) 022407844
090 _a13463999
_c13463999
100 _a20241210f u y0rusy50 ca
101 0 _aheb
102 _aRU
105 _aa|||z|||001yy
200 1 _aהדבור והקריאה
_dГадибуръ в՚егакріа
_eראשית למודי השפה, הדבור והכתיבה, בשטת
_hספר ראשון
_dHadibur wehakria
205 _aהוצאה שניה, מתקנת וממלאה
210 _aוילנה
_cש. ז. שרברק , וי. שריפטזטצר
_dתרע″א
210 _aВильна
_cЗ. Ш. Среберка
_d1911
210 _aWilna
_cS. SCH. Sreberk
_d1911
215 _a111 с.
_cил.
510 1 _aХадибур вехакриа
_zheb
541 1 _aРазговор и чтение
700 1 _aתמרקין
_bי. ל.
_4070
790 1 _aТамаркинъ
_bЯ. Л.
_4070
790 1 _aTamarkin
_bJ. L.
_4070
852 _aNLR
_bОЛСАА-ивр
_j3-1979/1
942 _cBOOK
980 1 _aHEBR
980 _aNB